Box office 2001 par images restreintes - Statistiques

Statistiques générales
  • Ce quiz a été pris 184 fois
  • Le résultat moyen est 7 sur 12
Statistiques - réponses
Par images Réponse % Correct
Harry Potter à l’école des sorciers
98%
Shrek
98%
Le Fabuleux Destin d'Amélie Poulain
88%
Le Seigneur des anneaux : La Communauté de l'anneau
86%
La Planète des singes
76%
Atlantide, l'empire perdu
61%
American Pie 2
51%
Le Journal de Bridget Jones
50%
La Vérité si je mens ! 2
48%
Tanguy
22%
Le Placard
17%
Le Pacte des loups
10%
Aucun quiz correspondant
Distribution des résultats
% des personnes avec chaque résultat
Percentile par nombre de réponses
Votre historique - résultats
Vous n’avez pas pris ce quiz